000
00313nam a2200109Ia 4500
008
200302s9999 xx 000 0 und d
100
_a
Lynn S.Beedle
245
_a
Advances in Tall Buildings Council on tall Buildings and Urban Habitat
260
_b
Van Nostrand Reinhold Ltd.
260
_c
1986
300
_a
693 P.,
999
_c
2130
_d
2130